[Event "Tsaghkadzor op"]
[Site "Tsaghkadzor"]
[Date "2023.09.21"]
[Round "2"]
[White "Mitrabha, Guha"]
[Black "Chaqryan, Erik"]
[Result "1-0"]
[WhiteElo "2515"]
[BlackElo "2326"]
[PlyCount "83"]
[EventDate "2023.09.20"]
[EventType "swiss"]
[EventRounds "9"]
[EventCountry "ARM"]
[SourceTitle "EXT 2024"]
[Source "ChessBase"]
[SourceDate "2023.10.10"]
[SourceVersion "1"]
[SourceVersionDate "2023.10.10"]
[SourceQuality "1"]

1. Nf3 d5 2. c4 d4 3. b4 g5 4. h3 h6 5. d3 Bg7 6. g3 e5 7. Bg2 Ne7 8. 0-0 0-0 9. a4 f5 10. Ne1 e4 11. Nc2 Nbc6 12. Ra3 Ne5 13. Nd2 exd3 14. exd3 f4 15. Bb2 g4 16. hxg4 Bxg4 17. Qa1 f3 18. Bh1 N7g6 19. Bxd4 Qg5 20. Ne4 Qh5 21. Ne3 Bh3 22. Rd1 Rae8 23. Qc3 Re6 24. Bxe5 Bxe5 25. d4 Bf4 26. Qc2 Rfe8 27. Nd5 Kg7 28. Bxf3 Bg4 29. Bxg4 Qxg4 30. f3 Qf5 31. gxf4 Nxf4 32. Nxf4 Qxf4 33. Rd2 Rg6+ 34. Rg2 Ree6 35. Kf1 Rxg2 36. Qxg2+ Rg6 37. Qd2 Qh4 38. Nf2 Qh2 39. Qe3 Kf7 40. Ng4 Qh3+ 41. Ke2 Qg2+ 42. Qf2 1-0

[Event "EU-ch U18 31st"]
[Site "Mamaia"]
[Date "2023.09.12"]
[Round "7"]
[White "Stalmach, Richard"]
[Black "Chaqryan, Erik"]
[Result "1/2-1/2"]
[WhiteElo "2427"]
[BlackElo "2326"]
[PlyCount "111"]
[EventDate "2023.09.05"]
[EventType "swiss"]
[EventRounds "9"]
[EventCountry "ROU"]
[SourceTitle "EXT 2024"]
[Source "ChessBase"]
[SourceDate "2023.10.10"]
[SourceVersion "1"]
[SourceVersionDate "2023.10.10"]
[SourceQuality "1"]

1. c4 Nf6 2. Nc3 g6 3. e4 d6 4. d4 Bg7 5. Be2 0-0 6. h4 c5 7. d5 e6 8. h5 exd5 9. exd5 Re8 10. h6 Bh8 11. Bg5 Qb6 12. b3 Ne4 13. Nxe4 Rxe4 14. Kf1 Nd7 15. Nf3 Re8 16. Rc1 Ne5 17. g3 Bg4 18. Nxe5 Bxe2+ 19. Qxe2 Rxe5 20. Qd2 Rae8 21. Kg2 Qc7 22. Rce1 Qd7 23. Rxe5 Bxe5 24. Re1 f6 25. Be3 f5 26. b4 cxb4 27. Qxb4 b6 28. a4 Kf7 29. f3 Bf6 30. a5 bxa5 31. Qxa5 Rc8 32. Qa6 Rb8 33. Re2 Re8 34. Kf2 g5 35. Qxa7 Qxa7 36. Bxa7 Rc8 37. Rc2 Kg6 38. Ke3 Kxh6 39. Bd4 Be7 40. Kd3 Kg6 41. Ra2 Rb8 42. Ra7 Bf8 43. g4 fxg4 44. fxg4 Rb1 45. Ra8 Rf1 46. Be3 h5 47. c5 dxc5 48. Ra6+ Kf7 49. gxh5 Rh1 50. Ra7+ Kg8 51. Kc4 g4 52. Ra6 Kf7 53. Rg6 Rxh5 54. Rxg4 Be7 55. Bxc5 Rh4 56. Rxh4 1/2-1/2

[Event "EU-ch U18 31st"]
[Site "Mamaia"]
[Date "2023.09.09"]
[Round "5"]
[White "Abdrlauf, Elham"]
[Black "Chaqryan, Erik"]
[Result "1/2-1/2"]
[WhiteElo "2541"]
[BlackElo "2326"]
[PlyCount "84"]
[EventDate "2023.09.05"]
[EventType "swiss"]
[EventRounds "9"]
[EventCountry "ROU"]
[SourceTitle "EXT 2024"]
[Source "ChessBase"]
[SourceDate "2023.10.10"]
[SourceVersion "1"]
[SourceVersionDate "2023.10.10"]
[SourceQuality "1"]

1. e4 e5 2. Nf3 Nc6 3. Bb5 a6 4. Ba4 Nf6 5. 0-0 b5 6. Bb3 Bc5 7. c3 d6 8. d4 Bb6 9. Be3 Bg4 10. dxe5 Bxf3 11. Qxf3 Nxe5 12. Qe2 Bxe3 13. Qxe3 0-0 14. Nd2 Re8 15. f4 Nc4 16. Bxc4 bxc4 17. Qd4 Qb8 18. e5 dxe5 19. fxe5 c5 20. Qd6 Rxe5 21. Qxb8+ Rxb8 22. Nxc4 Re4 23. b3 Re2 24. Nd6 Rd8 25. Rad1 h5 26. a3 Re3 27. Ne4 Rxd1 28. Nxf6+ gxf6 29. Rxd1 Rxc3 30. Rd6 Rxb3 31. Rxa6 c4 32. Rc6 c3 33. a4 Ra3 34. a5 Kg7 35. a6 c2 36. Rxc2 Ra1+ 37. Kf2 Rxa6 38. Rb2 Ra4 39. Rc2 Rb4 40. Ra2 Rd4 41. Rc2 Rb4 42. Ra2 Rd4 1/2-1/2

[Event "Yerevan Yeghiazaryan Memorial"]
[Site "Yerevan"]
[Date "2023.08.07"]
[Round "7"]
[White "Chaqryan, Erik"]
[Black "Shanava, Konstantine"]
[Result "0-1"]
[WhiteElo "2348"]
[BlackElo "2498"]
[PlyCount "116"]
[EventDate "2023.08.01"]
[EventType "tourn"]
[EventRounds "9"]
[EventCountry "ARM"]
[EventCategory "6"]
[SourceTitle "CBM 215 Extra"]
[Source "ChessBase"]
[SourceDate "2023.09.30"]
[SourceVersion "1"]
[SourceVersionDate "2023.09.30"]
[SourceQuality "1"]

1. e4 g6 2. d4 Bg7 3. Nc3 d6 4. Nge2 Nf6 5. g3 0-0 6. Bg2 e5 7. 0-0 exd4 8. Nxd4 Bd7 9. h3 Nc6 10. Nde2 Re8 11. g4 b5 12. Ng3 b4 13. Nce2 h6 14. f4 a5 15. a3 Rb8 16. axb4 axb4 17. c3 bxc3 18. bxc3 Nh7 19. Be3 Rb2 20. Rb1 Rxb1 21. Qxb1 Na5 22. Qd3 Be6 23. Bd4 Bc4 24. Qf3 Nb3 25. Rd1 Nf6 26. Bf2 Qa8 27. Nd4 Nc5 28. e5 Bd5 29. exf6 Bxf3 30. Bxf3 Qa3 31. fxg7 Qxc3 32. Nge2 Qc4 33. Rc1 Qa2 34. Rc2 Qa5 35. Nc6 Qa4 36. Ncd4 Re7 37. Nc3 Qa1+ 38. Kg2 Nd3 39. Nd5 Re1 40. Bxe1 Nxe1+ 41. Kf2 Nxc2 42. Nxc2 Qb2 43. Nde3 Kxg7 44. Ke2 Qc3 45. Ne1 c6 46. Nf1 d5 47. Nd2 g5 48. fxg5 Qe5+ 49. Kd1 hxg5 50. Nd3 Qg3 51. Nb4 Qd6 52. Nc2 Qe5 53. Nb4 Qc3 54. Nc2 d4 55. Bxc6 Qxc6 56. Nxd4 Qh1+ 57. Ke2 Qg2+ 58. Ke3 Qxh3+ 0-1

[Event "EU-chT U18"]
[Site "Iasi"]
[Date "2023.07.30"]
[Round "7.3"]
[White "Cnejev, Vladimir Alexandru"]
[Black "Chaqryan, Erik"]
[Result "1/2-1/2"]
[WhiteElo "2362"]
[BlackElo "2366"]
[PlyCount "106"]
[EventDate "2023.07.24"]
[EventType "team-swiss"]
[EventRounds "7"]
[EventCountry "ROU"]
[SourceTitle "CBM 215 Extra"]
[Source "ChessBase"]
[SourceDate "2023.09.30"]
[SourceVersion "1"]
[SourceVersionDate "2023.09.30"]
[SourceQuality "1"]
[WhiteTeam "Romania U18"]
[BlackTeam "Armenia U18"]
[WhiteTeamCountry "ROU"]
[BlackTeamCountry "ARM"]

1. e4 c5 2. c3 Nf6 3. e5 Nd5 4. Nf3 Nc6 5. d4 cxd4 6. cxd4 d6 7. Bc4 Nb6 8. Bb5 dxe5 9. Nxe5 Bd7 10. Nxd7 Qxd7 11. Nc3 e6 12. 0-0 a6 13. Bxc6 bxc6 14. Qb3 Rb8 15. Na4 Qc7 16. Nxb6 Rxb6 17. Qd3 Bd6 18. g3 0-0 19. b3 Rd8 20. Be3 Ba3 21. Rad1 Rb5 22. Qc4 h5 23. Rd2 h4 24. Rc2 Rc8 25. Kg2 Qd7 26. h3 hxg3 27. fxg3 a5 28. Qe2 Rd8 29. Qf3 Rd5 30. Rff2 Bd6 31. Rc4 Bc7 32. Rfc2 Bb6 33. Rxc6 Bxd4 34. Rc7 Qe8 35. Bxd4 Rxd4 36. Rf2 R4d7 37. Qc6 e5 38. Rxd7 Rxd7 39. Re2 f6 40. Qc4+ Qf7 41. Qxf7+ Kxf7 42. Kf3 Ke6 43. Ke3 Rc7 44. Rd2 f5 45. h4 Rc3+ 46. Rd3 Rc2 47. Rd2 Rc1 48. Rd8 Re1+ 49. Kf2 Ra1 50. a4 Rc1 51. Rg8 Rc2+ 52. Kf1 Kf6 53. Ra8 Rc5 1/2-1/2

[Event "EU-chT U18"]
[Site "Iasi"]
[Date "2023.07.28"]
[Round "5.3"]
[White "Levin, Guy"]
[Black "Chaqryan, Erik"]
[Result "1/2-1/2"]
[WhiteElo "2429"]
[BlackElo "2366"]
[PlyCount "80"]
[EventDate "2023.07.24"]
[EventType "team-swiss"]
[EventRounds "7"]
[EventCountry "ROU"]
[SourceTitle "CBM 215 Extra"]
[Source "ChessBase"]
[SourceDate "2023.09.30"]
[SourceVersion "1"]
[SourceVersionDate "2023.09.30"]
[SourceQuality "1"]
[WhiteTeam "Israel U18"]
[BlackTeam "Armenia U18"]
[WhiteTeamCountry "ISR"]
[BlackTeamCountry "ARM"]

1. Nf3 Nf6 2. g3 g6 3. b3 Bg7 4. Bb2 0-0 5. Bg2 d6 6. d4 Nbd7 7. 0-0 c6 8. Re1 d5 9. Nbd2 Ne4 10. Nxe4 dxe4 11. Nd2 f5 12. f3 e5 13. Nc4 exd4 14. Bxd4 Nf6 15. f4 Qe7 16. e3 Be6 17. Bf1 Rfd8 18. Qc1 Bxc4 19. Bxc4+ Nd5 20. Rd1 Kh8 21. Bxd5 Rxd5 22. c4 Rd7 23. Bxg7+ Qxg7 24. Rxd7 Qxd7 25. Qc3+ Kg8 26. Kf2 Rd8 27. Ke2 Kf7 28. Qc2 Qd6 29. Rd1 Qxd1+ 30. Qxd1 Rxd1 31. Kxd1 c5 32. Ke2 Ke6 33. Kd2 Kd6 34. Kc3 Kc6 35. h3 h5 36. Kd2 Kd6 37. Ke2 Kc6 38. Kd2 Kd6 39. Ke2 Kc6 40. Kd2 Kd6 1/2-1/2

[Event "Batumi Municipality Cup"]
[Site "Batumi"]
[Date "2023.07.03"]
[Round "2"]
[White "Mkrtchian, Simon"]
[Black "Chaqryan, Erik"]
[Result "1/2-1/2"]
[WhiteElo "2255"]
[BlackElo "2366"]
[PlyCount "116"]
[EventDate "2023.07.02"]
[EventType "swiss"]
[EventRounds "9"]
[EventCountry "GEO"]
[SourceTitle "CBM 215 Extra"]
[Source "ChessBase"]
[SourceDate "2023.09.30"]
[SourceVersion "1"]
[SourceVersionDate "2023.09.30"]
[SourceQuality "1"]

1. Nf3 d5 2. c4 d4 3. e3 Nc6 4. b4 dxe3 5. fxe3 Nxb4 6. d4 e5 7. a3 Nc6 8. Nc3 Nf6 9. d5 e4 10. Ng5 h6 11. Ngxe4 Nxe4 12. Nxe4 Qh4+ 13. Nf2 Ne5 14. Qd4 Ng6 15. Bd3 Be7 16. Bxg6 Qxd4 17. Bxf7+ Kxf7 18. exd4 Bf6 19. Be3 Re8 20. Kd2 Bf5 21. Rhf1 Rad8 22. Nd3 Be4 23. g4 b5 24. Rac1 bxc4 25. Rxc4 Rxd5 26. Nf4 Rb5 27. Nh5 Rb2+ 28. Kd1 c6 29. Nxf6 gxf6 30. Rf2 Rb1+ 31. Bc1 Reb8 32. Rc3 Rd8 33. Rd2 a5 34. Ke2 Rg8 35. h3 h5 36. Ke3 Bd5 37. Kf4 Re8 38. gxh5 Re1 39. Bb2 Rf1+ 40. Kg3 Rg1+ 41. Kh4 Rbf1 42. Rg3 Rf4+ 43. Rg4 Rfxg4+ 44. hxg4 Be6 45. Rf2 Rxg4+ 46. Kh3 Rxd4+ 47. Kg2 Rg4+ 48. Kf1 f5 49. Rh2 Kg8 50. Rg2 Kh7 51. Rxg4 fxg4 52. Bc1 Bf7 53. h6 Kg6 54. Be3 Bg8 55. Kf2 a4 56. Kg3 Kf5 57. Bg1 Bh7 58. Bf2 Bg6 1/2-1/2

[Event "Yerevan Margaryan Memorial GM"]
[Site "Yerevan"]
[Date "2023.01.11"]
[Round "5"]
[White "Chaqryan, Erik"]
[Black "Sychev, Klementy"]
[Result "1/2-1/2"]
[WhiteElo "2311"]
[BlackElo "2556"]
[PlyCount "54"]
[EventDate "2023.01.08"]
[EventType "tourn"]
[EventRounds "9"]
[EventCountry "ARM"]
[EventCategory "9"]
[SourceTitle "CBM 212 Extra"]
[Source "ChessBase"]
[SourceDate "2023.03.31"]
[SourceVersion "1"]
[SourceVersionDate "2023.03.31"]
[SourceQuality "1"]

1. e4 e6 2. d4 d5 3. Nc3 Nf6 4. Bg5 dxe4 5. Nxe4 Be7 6. Bxf6 gxf6 7. Nf3 Nd7 8. Bd3 c5 9. dxc5 Qa5+ 10. c3 Nxc5 11. Nxc5 Qxc5 12. Qe2 Bd7 13. 0-0-0 0-0-0 14. Rhe1 Ba4 15. Bc2 Bb5 16. Qe3 Rxd1+ 17. Rxd1 Qxe3+ 18. fxe3 Rg8 19. Rd2 f5 20. g3 Bc5 21. Nd4 Bd7 22. b4 Be7 23. Rf2 Rg7 24. Bd1 Bd6 25. Bh5 f6 26. e4 fxe4 27. Rxf6 Be7 1/2-1/2

[Event "EU-ch U18 30th"]
[Site "Antalya"]
[Date "2022.11.12"]
[Round "7"]
[White "Chaqryan, Erik"]
[Black "Girel, Joseph"]
[Result "1/2-1/2"]
[WhiteElo "2316"]
[BlackElo "2381"]
[PlyCount "81"]
[EventDate "2022.11.06"]
[EventType "swiss"]
[EventRounds "9"]
[EventCountry "TUR"]
[SourceTitle "CBM 211 Extra"]
[Source "ChessBase"]
[SourceDate "2023.01.31"]
[SourceVersion "1"]
[SourceVersionDate "2023.01.31"]
[SourceQuality "1"]

1. e4 c5 2. Nf3 Nc6 3. Bb5 e6 4. Bxc6 bxc6 5. b3 d6 6. e5 f6 7. exd6 Bxd6 8. d3 e5 9. Nc3 Ne7 10. 0-0 Bg4 11. h3 Bh5 12. Ne4 0-0 13. Ba3 Nd5 14. Ng3 Bf7 15. Nd2 Nf4 16. Nde4 Bg6 17. Qe1 Bc7 18. Ne2 Ba5 19. Qd1 Bxe4 20. Nxf4 Bf5 21. Ne2 Qd5 22. Ng3 Bg6 23. Qf3 Bb4 24. Bb2 Rab8 25. Qe3 Ba5 26. Ne4 Bb6 27. c4 Qf7 28. Rad1 Rbd8 29. Bc3 Qe7 30. f3 Rd7 31. Nf2 Rfd8 32. Rfe1 Qf8 33. g4 h6 34. Kg2 Kh7 35. Re2 Bc7 36. Ne4 Bb6 37. a4 a6 38. Bb2 Ba7 39. Ba3 Rd4 40. Bb2 R4d7 41. Ba3 1/2-1/2

[Event "EU-ch U18 30th"]
[Site "Antalya"]
[Date "2022.11.10"]
[Round "5"]
[White "Chaqryan, Erik"]
[Black "Roebers, Eline"]
[Result "1-0"]
[WhiteElo "2316"]
[BlackElo "2363"]
[PlyCount "67"]
[EventDate "2022.11.06"]
[EventType "swiss"]
[EventRounds "9"]
[EventCountry "TUR"]
[SourceTitle "EXT 2024"]
[Source "ChessBase"]
[SourceDate "2023.10.10"]
[SourceVersion "1"]
[SourceVersionDate "2023.10.10"]
[SourceQuality "1"]

1. Nf3 d5 2. g3 Nd7 3. d4 Nb6 4. Bg2 Nf6 5. 0-0 Bf5 6. b3 h6 7. c4 e6 8. Bb2 Be7 9. Nbd2 0-0 10. Ne5 c6 11. e3 Qc7 12. f4 Bh7 13. Qe2 Rad8 14. Rac1 Qb8 15. a3 Nbd7 16. b4 Ne8 17. e4 Ndf6 18. exd5 exd5 19. c5 Nc7 20. g4 Ne4 21. Nxe4 Bxe4 22. Bxe4 dxe4 23. Qxe4 Qc8 24. Qg2 Ne6 25. Rcd1 Rd5 26. f5 Nc7 27. a4 Rfd8 28. Rde1 Bf6 29. Qg3 Rxd4 30. Bxd4 Rxd4 31. Rf4 Qd7 32. Nf3 Rd3 33. Rfe4 Bc3 34. R1e2 1-0

[Event "Yerevan op-A 4th"]
[Site "Yerevan"]
[Date "2022.10.12"]
[Round "3"]
[White "Chaqryan, Erik"]
[Black "Gharibyan, Mamikon"]
[Result "1/2-1/2"]
[WhiteElo "2269"]
[BlackElo "2478"]
[PlyCount "62"]
[EventDate "2022.10.10"]
[EventType "swiss"]
[EventRounds "9"]
[EventCountry "ARM"]
[SourceTitle "CBM 210 Extra"]
[Source "ChessBase"]
[SourceDate "2022.11.30"]
[SourceVersion "1"]
[SourceVersionDate "2022.11.30"]
[SourceQuality "1"]

1. c4 e6 2. g3 d5 3. Bg2 Nf6 4. Nf3 dxc4 5. Qa4+ Bd7 6. Qxc4 c5 7. 0-0 Nc6 8. b3 Be7 9. Bb2 b5 10. Qc2 Rc8 11. a4 a6 12. axb5 axb5 13. Nc3 Nd4 14. Qd1 0-0 15. Ne5 c4 16. bxc4 bxc4 17. e3 Nb3 18. Ra7 Bc5 19. Ra2 Bb4 20. Nxc4 Nxd2 21. Nxd2 Bxc3 22. Bxc3 Rxc3 23. Ne4 Nxe4 24. Bxe4 Bc6 25. Bxc6 Qxd1 26. Rxd1 Rxc6 27. Rd7 Rcc8 28. Raa7 Rcd8 29. Re7 Rde8 30. Red7 Rd8 31. Re7 Rde8 1/2-1/2

[Event "Tsaghkadzor ChessMood op"]
[Site "Tsaghkadzor"]
[Date "2022.10.05"]
[Round "6"]
[White "Chaqryan, Erik"]
[Black "Poormosavi, Seyed Kian"]
[Result "0-1"]
[WhiteElo "2285"]
[BlackElo "2404"]
[PlyCount "146"]
[EventDate "2022.09.30"]
[EventType "swiss"]
[EventRounds "9"]
[EventCountry "ARM"]
[SourceTitle "CBM 210 Extra"]
[Source "ChessBase"]
[SourceDate "2022.11.30"]
[SourceVersion "1"]
[SourceVersionDate "2022.11.30"]
[SourceQuality "1"]

1. e4 c5 2. Nf3 g6 3. d4 cxd4 4. Qxd4 Nf6 5. e5 Nc6 6. Qf4 Nd5 7. Qe4 Nc7 8. Bf4 Ne6 9. Bg3 Qb6 10. Nbd2 Qxb2 11. Rb1 Qxa2 12. Bc4 Qa5 13. 0-0 Bh6 14. Rfd1 0-0 15. Qh4 Bg7 16. Ne4 Qc7 17. Nf6+ exf6 18. exf6 Qd8 19. fxg7 Kxg7 20. Qe4 Re8 21. Rd6 a5 22. Ne5 a4 23. Rbd1 a3 24. Nxc6 bxc6 25. Be5+ Kg8 26. Ba1 Qg5 27. Bxe6 dxe6 28. h4 Qe7 29. Qxc6 Ba6 30. Rd7 Qf8 31. Be5 Be2 32. Re1 a2 33. Ba1 Qb4 34. Qc3 Qxc3 35. Bxc3 Rec8 36. Ba1 Rxc2 37. Kh2 f6 38. Bxf6 Rb8 39. Ra1 Rb1 40. Ra7 Bc4 41. Rg7+ Kf8 42. Rc7 Rcc1 43. Rxc4 Rxc4 44. Rxa2 Kf7 45. Bd8 Rb7 46. g3 h6 47. Rd2 e5 48. Ba5 Rc5 49. Ra2 Ra7 50. Bb6 Rxa2 51. Bxc5 Kf6 52. Be3 Re2 53. Bb6 Kf5 54. Kg2 Rb2 55. Be3 g5 56. hxg5 hxg5 57. Bc1 Rc2 58. Be3 g4 59. Bb6 Ke4 60. Ba7 Kd3 61. Be3 e4 62. Kg1 Ke2 63. Kg2 Rc3 64. Bd4 Rf3 65. Bc5 e3 66. Bxe3 Rxe3 67. fxe3 Kxe3 68. Kg1 Kf3 69. Kh2 Kf2 70. Kh1 Kxg3 71. Kg1 Kh3 72. Kh1 g3 73. Kg1 g2 0-1

[Event "Tsaghkadzor ChessMood op"]
[Site "Tsaghkadzor"]
[Date "2022.10.01"]
[Round "2"]
[White "Chaqryan, Erik"]
[Black "Sankalp, Gupta"]
[Result "1/2-1/2"]
[WhiteElo "2285"]
[BlackElo "2502"]
[PlyCount "88"]
[EventDate "2022.09.30"]
[EventType "swiss"]
[EventRounds "9"]
[EventCountry "ARM"]
[SourceTitle "CBM 210 Extra"]
[Source "ChessBase"]
[SourceDate "2022.11.30"]
[SourceVersion "1"]
[SourceVersionDate "2022.11.30"]
[SourceQuality "1"]

1. e4 e6 2. d4 d5 3. Nc3 Nf6 4. Bg5 Bb4 5. e5 h6 6. Be3 Ne4 7. Qg4 g6 8. a3 Bxc3+ 9. bxc3 c5 10. Bd3 h5 11. Qf3 Nxc3 12. dxc5 d4 13. Bd2 Bd7 14. Qf4 Bc6 15. Nf3 Bxf3 16. Qxf3 Nc6 17. 0-0 Qd5 18. Qxd5 Nxd5 19. Rfe1 0-0-0 20. Rab1 Rd7 21. Rb3 Kb8 22. Bb5 Rc8 23. Rf3 a6 24. Ba4 b5 25. cxb6 Nxb6 26. Bb3 a5 27. a4 Nb4 28. Bxb4 axb4 29. Rd3 Rc3 30. Red1 Rxd3 31. Rxd3 Kb7 32. f4 Ka6 33. Kf2 Ka5 34. Rd1 Rc7 35. Rxd4 Nxa4 36. Ke2 Nc5 37. Kd2 Nxb3+ 38. cxb3 Kb5 39. g3 Ra7 40. Ke3 Ra2 41. h4 Rg2 42. Kf3 Rc2 43. Rd3 Kc5 44. Ke4 Rb2 1/2-1/2

[Event "Cheliabinsk Panchenko Memorial op-A"]
[Site "Cheliabinsk"]
[Date "2022.09.21"]
[Round "10"]
[White "Chaqryan, Erik"]
[Black "Sharikov, Alexander"]
[Result "1/2-1/2"]
[WhiteElo "2285"]
[BlackElo "2095"]
[PlyCount "118"]
[EventDate "2022.09.12"]
[EventType "swiss"]
[EventRounds "10"]
[EventCountry "RUS"]
[SourceTitle "CBM 210 Extra"]
[Source "ChessBase"]
[SourceDate "2022.11.30"]
[SourceVersion "1"]
[SourceVersionDate "2022.11.30"]
[SourceQuality "1"]

1. e4 e5 2. Nf3 Nc6 3. Bc4 Bc5 4. c3 Nf6 5. d3 d6 6. Nbd2 a5 7. 0-0 h6 8. Bb3 0-0 9. h3 Be6 10. Bc2 d5 11. exd5 Bxd5 12. Re1 Re8 13. a4 Bb6 14. Qe2 Nh5 15. Nf1 Qf6 16. N3h2 Rad8 17. Ne3 Nf4 18. Qg4 Nxg2 19. Rf1 Nf4 20. Nxd5 Rxd5 21. d4 Ng6 22. Qh5 Qd8 23. Bb3 Rd6 24. Ng4 exd4 25. Bxh6 Nce5 26. Qf5 gxh6 27. Rae1 Nh4 28. Qf4 Nhf3+ 29. Kh1 Nxe1 30. Rxe1 Qg5 31. Qg3 Kf8 32. f4 Qg7 33. fxe5 Rd7 34. Qf4 Qg5 35. Qxg5 hxg5 36. Nf6 Red8 37. Nxd7+ Rxd7 38. Rf1 Kg7 39. Rf5 dxc3 40. bxc3 Be3 41. Kg2 Bf4 42. h4 Re7 43. hxg5 Bxe5 44. Bxf7 Bxc3 45. Bh5 Be5 46. Kf3 b5 47. Ke4 bxa4 48. Bd1 a3 49. Bb3 a4 50. Ba2 Bd6+ 51. Kd3 Kg6 52. Ra5 Rh7 53. Rxa4 Rh2 54. Be6 Kxg5 55. Ra5+ Kf4 56. Bd5 Rh5 57. Ra4+ Kg3 58. Bc4 Rh4 59. Ra8 Rh5 1/2-1/2

[Event "Cheliabinsk Panchenko Memorial op-A"]
[Site "Cheliabinsk"]
[Date "2022.09.17"]
[Round "6"]
[White "Chaqryan, Erik"]
[Black "Faizrakhmanov, Ramil"]
[Result "0-1"]
[WhiteElo "2285"]
[BlackElo "2464"]
[PlyCount "94"]
[EventDate "2022.09.12"]
[EventType "swiss"]
[EventRounds "10"]
[EventCountry "RUS"]
[SourceTitle "CBM 210 Extra"]
[Source "ChessBase"]
[SourceDate "2022.11.30"]
[SourceVersion "1"]
[SourceVersionDate "2022.11.30"]
[SourceQuality "1"]

1. c4 Nf6 2. g3 e6 3. Bg2 d5 4. Nf3 dxc4 5. Qa4+ Bd7 6. Qxc4 c5 7. Ne5 Qc8 8. 0-0 Nc6 9. Nxd7 Qxd7 10. Qc2 Be7 11. d3 0-0 12. Nd2 Nd5 13. Ne4 Nd4 14. Qd1 h6 15. a3 Rfd8 16. e3 Nc6 17. Qc2 b6 18. Rd1 f5 19. Nc3 Bf6 20. Bd2 Rac8 21. Qb3 Kh8 22. Be1 g5 23. d4 cxd4 24. Nxd5 exd5 25. Rd3 f4 26. exf4 gxf4 27. gxf4 Qd6 28. Bd2 Na5 29. Qd1 Nc4 30. Bc1 Qe6 31. f5 Qxf5 32. Rh3 Kg8 33. Rh5 Bg5 34. Bh3 Qg6 35. Bxg5 Rc7 36. Bg4 hxg5 37. Qxd4 Rg7 38. Re1 Rd6 39. Re7 Qf6 40. Re8+ Kf7 41. Rhh8 Qxd4 42. Rhf8+ Kg6 43. Bf5+ Kh5 44. Rh8+ Rh7 45. Rxh7+ Rh6 46. Rhe7 g4 47. h4 g3 0-1

[Event "Poti op 15th"]
[Site "Poti"]
[Date "2022.07.24"]
[Round "9"]
[White "Chaqryan, Erik"]
[Black "Alikhanyan, Artak"]
[Result "1-0"]
[WhiteElo "2369"]
[BlackElo "1870"]
[PlyCount "53"]
[EventDate "2022.07.16"]
[EventType "swiss"]
[EventRounds "9"]
[EventCountry "GEO"]
[SourceTitle "CBM 209 Extra"]
[Source "ChessBase"]
[SourceDate "2022.09.30"]
[SourceVersion "1"]
[SourceVersionDate "2022.09.30"]
[SourceQuality "1"]

1. c4 c6 2. g3 d5 3. Bg2 Nf6 4. Nf3 Bf5 5. 0-0 e6 6. b3 h6 7. Bb2 Nbd7 8. d3 Be7 9. Nbd2 0-0 10. a3 Rc8 11. b4 a5 12. Qb3 Ra8 13. Bc3 axb4 14. axb4 Qc7 15. Qb2 Rfd8 16. Rfc1 Ne8 17. e4 dxe4 18. dxe4 Bg6 19. c5 b6 20. cxb6 Nxb6 21. Ne5 Na4 22. Rxa4 Rxa4 23. Nxg6 fxg6 24. Qb3 Ra7 25. Qxe6+ Kh7 26. e5 Bg5 27. Be4 1-0

[Event "Yerevan Margaryan Memorial-B"]
[Site "Yerevan"]
[Date "2022.01.14"]
[Round "6"]
[White "Chaqryan, Erik"]
[Black "Babujian, Levon"]
[Result "1-0"]
[WhiteElo "2353"]
[BlackElo "2451"]
[PlyCount "55"]
[EventDate "2022.01.09"]
[EventType "tourn"]
[EventRounds "9"]
[EventCountry "ARM"]
[EventCategory "2"]
[SourceTitle "CBM 206 Extra"]
[Source "ChessBase"]
[SourceDate "2022.03.31"]
[SourceVersion "1"]
[SourceVersionDate "2022.03.31"]
[SourceQuality "1"]

1. e4 c5 2. Nf3 e6 3. d4 cxd4 4. Nxd4 Nc6 5. Nc3 Qc7 6. Be3 a6 7. Qf3 Nf6 8. 0-0-0 Bb4 9. Nxc6 bxc6 10. Bd4 Rb8 11. e5 Bxc3 12. Qxc3 Nd5 13. Qc5 f6 14. f4 Rf8 15. g3 Qb7 16. Bd3 f5 17. a3 Rg8 18. c4 Nb6 19. b3 d5 20. exd6 Nd7 21. Qa5 c5 22. Rhe1 Kf7 23. Rxe6 Qxb3 24. Re7+ Kg6 25. g4 Kh6 26. Bc2 Qh3 27. Bxf5 Qxh2 28. Qd2 1-0

[Event "Yerevan Margaryan Memorial-B"]
[Site "Yerevan"]
[Date "2022.01.12"]
[Round "4"]
[White "Chaqryan, Erik"]
[Black "Nadanian, Ashot S"]
[Result "1-0"]
[WhiteElo "2353"]
[BlackElo "2335"]
[PlyCount "103"]
[EventDate "2022.01.09"]
[EventType "tourn"]
[EventRounds "9"]
[EventCountry "ARM"]
[EventCategory "2"]
[SourceTitle "CBM 206 Extra"]
[Source "ChessBase"]
[SourceDate "2022.03.31"]
[SourceVersion "1"]
[SourceVersionDate "2022.03.31"]
[SourceQuality "1"]

1. c4 e5 2. g3 g6 3. Bg2 Bg7 4. Nc3 d6 5. d3 f5 6. Nf3 Nf6 7. 0-0 0-0 8. Rb1 a5 9. a3 Qe7 10. b4 axb4 11. axb4 h6 12. Nd2 Kh7 13. Bb2 Na6 14. Ra1 Rb8 15. b5 Nc5 16. Nb3 Nxb3 17. Qxb3 f4 18. Ra7 fxg3 19. hxg3 Ng4 20. Ne4 b6 21. Bc1 Be6 22. Bd2 Rf7 23. Qa3 Qf8 24. Qc1 Re8 25. Qe1 Qe7 26. Bf3 Nf6 27. Kg2 Ref8 28. Be3 Nxe4 29. Bxe4 Qf6 30. f3 Kg8 31. Qc1 g5 32. Rh1 Rd8 33. g4 Bh8 34. Rxh6 Qxh6 35. Bxg5 Qf8 36. Bxd8 Qxd8 37. Ra8 Bc8 38. Bb7 Qh4 39. Rxc8+ Kg7 40. Bd5 Re7 41. Rg8+ Kh7 42. Qe3 e4 43. dxe4 Be5 44. f4 Rg7 45. Rxg7+ Bxg7 46. Qh3 Qxh3+ 47. Kxh3 Bd4 48. g5 Kg7 49. Kg4 Kg6 50. f5+ Kg7 51. f6+ Kg6 52. Be6 1-0

[Event "Yerevan Margaryan Memorial-B"]
[Site "Yerevan"]
[Date "2022.01.11"]
[Round "3"]
[White "Torosyan, Norayr"]
[Black "Chaqryan, Erik"]
[Result "1-0"]
[WhiteElo "2369"]
[BlackElo "2353"]
[PlyCount "81"]
[EventDate "2022.01.09"]
[EventType "tourn"]
[EventRounds "9"]
[EventCountry "ARM"]
[EventCategory "2"]
[SourceTitle "CBM 206 Extra"]
[Source "ChessBase"]
[SourceDate "2022.03.31"]
[SourceVersion "1"]
[SourceVersionDate "2022.03.31"]
[SourceQuality "1"]

1. Nf3 Nf6 2. g3 g6 3. b3 Bg7 4. Bb2 0-0 5. Bg2 c5 6. c4 Nc6 7. 0-0 d6 8. d4 cxd4 9. Nxd4 Bd7 10. Nc2 Qc8 11. Re1 Bh3 12. Bh1 h5 13. Nc3 Ng4 14. f3 Nge5 15. Qd2 Bf5 16. Ne3 g5 17. Ned5 e6 18. Ne3 Bg6 19. Nb5 Qd8 20. Nxd6 Nxf3+ 21. exf3 Bxb2 22. Qxb2 Qxd6 23. Qf6 Qc5 24. f4 gxf4 25. gxf4 Rad8 26. f5 exf5 27. Bd5 Rd6 28. Qg5 Ne5 29. Kh1 Ng4 30. Qf4 Nxe3 31. Rxe3 b5 32. Rg1 bxc4 33. bxc4 Kh7 34. Re5 Qa3 35. Re3 Qc5 36. Re5 Qa3 37. Rxf5 Qd3 38. Be4 Qxc4 39. Rxh5+ Kg8 40. Qe5 Rf6 41. Bd5 1-0